A long fatal love chase [large print] / Louisa May Alcott.
Record details
- ISBN: 0786205997
- Physical Description: 356 pages (large print) ; 23 cm.
- Edition: [Large print edition]
- Publisher: Thorndike, ME : Thorndike Press, 1996.
Search for related items by subject
| Subject: | Large type books. Married women > Europe > Fiction. Separation (Psychology) > Fiction. Obsessive-compulsive disorder > Fiction. |
| Genre: | Romantic suspense novels. |
Available copies
- 1 of 1 copy available at scottsboropl.
Holds
- 0 current holds with 1 total copy.
Show Only Available Copies
| Location | Call Number / Copy Notes | Barcode | Shelving Location | Status | Due Date |
|---|---|---|---|---|---|
| scottsboropl | F Alc | 32269000468507 | Adult - Fiction | Available | - |
| LDR | 00948cam a2200277 a 4500 | ||
|---|---|---|---|
| 001 | 124619 | ||
| 003 | CONS | ||
| 005 | 20140703073302.0 | ||
| 008 | 951002r19961995meu d 000 1 eng | ||
| 010 | . | ‡a 95044664 | |
| 020 | . | ‡a0786205997 | |
| 035 | . | ‡a(CPomAG)LMN488813 | |
| 050 | 1 | 0. | ‡aPS1017 ‡b.L66 1996 |
| 082 | 0 | 0. | ‡a813/.4 ‡220 |
| 100 | 1 | . | ‡aAlcott, Louisa May, ‡d1832-1888. |
| 245 | 1 | 2. | ‡aA long fatal love chase ‡h[large print] / ‡cLouisa May Alcott. |
| 250 | . | ‡a[Large print edition] | |
| 260 | . | ‡aThorndike, ME : ‡bThorndike Press, ‡c1996. | |
| 300 | . | ‡a356 pages (large print) ; ‡c23 cm. | |
| 650 | 0. | ‡aLarge type books. | |
| 650 | 0. | ‡aMarried women ‡zEurope ‡vFiction. | |
| 650 | 0. | ‡aSeparation (Psychology) ‡vFiction. | |
| 650 | 0. | ‡aObsessive-compulsive disorder ‡vFiction. | |
| 655 | 7. | ‡aRomantic suspense novels. ‡2gsafd | |
| 959 | . | ‡i32269000468507 ‡lF Alc ‡aAdult - Fiction ‡tFiction ‡g17.95 | |
| 852 | . | ‡p32269000468507 ‡jF Alc ‡gAdult - Fiction ‡cFiction ‡y17.95 ‡bSBPL | |
| 901 | . | ‡a124619 ‡bUnknown ‡c124619 ‡tbiblio | |